LEADER 01692nkm1-2200457---450- 001 990005747640203316 005 20080226 035 $a000574764 035 $aUSA01000574764 035 $a(ALEPH)000574764USA01 035 $a000574764 100 $a20080225d1980----|||y0itaa50------ba 101 $aita 102 $ait 105 $a0 00||| 200 1 $aStoria del metodo scolastico$econdotta su fonti edite e inedite$fMartin Grabmann$gpresentazione di Mario Dal Pra 205 $aFirenze : La Nuova Italia$bc1980 210 $a2 v.$a22 cm 215 $aTit. orig.: Die Geschichte der scholastischen Methode 225 2 $a<> pensiero filosofico$v15,1 410 0$12001$a<> pensiero filosofico$v15,1 454 $1001SA0024428$12001$a<> Geschichte der scholastischen Methode$fMartin Grabmann.$919504 463 \1$1001990005747650203316$12001 $a<> metodo scolastico dai suoi primi inizi nella letteratura patristica fino al principio del secolo 12. 463 \1$1001990005747660203316$12001 $a<> metodo scolastico nel 12. e all'inizio del 13. secolo 606 $aSCOLASTICA$xSEC. 9. / 13.$2F 606 $aPATRISTICA$xSEC. 9. / 13.$2F 606 $aFilosofia cristiana$xSec. 9.-sec. 13.$2F 620 $dFIRENZE 676 $a189.4 700 1$aGRABMANN,$bMartin$0170523 702 1$aDAL_PRA,$bMario 702 1$aCANDELA,$bMercurio 702 1$aBUSCAGLIONE CANDELA,$bPaola 712 02$aLA_NUOVA ITALIA 801 0$aIT$bSA$c20111219 912 $a990005747640203316 959 $aBK 969 $aFIL 979 $c20121027$lUSA01$h1526 996 $aGeschichte der scholastischen Methode$919504 997 $aUNISA LEADER 01083nam a22002651i 4500 001 991000231169707536 005 20020925142249.0 008 020925s1975 it |||||||||||||||||ita 035 $ab11977243-39ule_inst 035 $aARCHE-006704$9ExL 040 $aDip.to Filologia Ling. e Lett.$bita$cA.t.i. Arché s.c.r.l. Pandora Sicilia s.r.l. 082 04$a301.42 100 1 $aCorradi, Sofia$020920 245 10$aEducazione degli adulti e comunita familiare :$bla formazione del genitore per la funzione educativa nella comunita familiare /$cSofia Corradi 260 $aRoma :$bBulzoni,$c1975 300 $a226 p. ;$c22 cm 490 0$aPedagogia sociale.$pTesti e studi ;$v6 650 4$aEducazione familiare 650 4$aFamiglia 907 $a.b11977243$b28-04-17$c01-04-03 912 $a991000231169707536 945 $aLE008 FL.M. (f.r.) XXVIII 132$g1$i2008000528386$lle008$o-$pE0.00$q-$rl$s- $t0$u2$v1$w2$x0$y.i12257758$z01-04-03 996 $aEducazione degli adulti e comunita familiare$9136454 997 $aUNISALENTO 998 $ale008$b01-04-03$cm$da $e-$fita$git $h0$i1 LEADER 02175nam0 22004693i 450 001 VAN0175669 005 20230616084345.343 017 70$2N$a9783319238807 100 $a20210705d2016 |0itac50 ba 101 $aeng 102 $aCH 105 $a|||| ||||| 200 1 $aˆThe ‰Physics of Semiconductors$ean Introduction Including Nanophysics and Applications$fMarius Grundmann 205 $a3. ed 210 $aCham$cSpringer$d2016 215 $axxxix, 989 p.$cill.$d24 cm 410 1$1001VAN0132770$12001 $aGraduate Texts in Physics$1210 $aBerlin [etc.]$cSpringer 500 1$3VAN0175670$aˆThe ‰Physics of Semiconductors : an Introduction Including Nanophysics and Applications$91818781 606 $a74-XX$xMechanics of deformable solids [MSC 2020]$3VANC022466$2MF 606 $a82D37$xStatistical mechanical studies of semiconductors [MSC 2020]$3VANC023098$2MF 606 $a00A79 (77-XX)$xPhysics [MSC 2020]$3VANC023182$2MF 610 $aBand structure$9KW:K 610 $aElectronic defect states$9KW:K 610 $aMagnetic semiconductors$9KW:K 610 $aOptical Properties of Semiconductors$9KW:K 610 $aOrganic semiconductors$9KW:K 610 $aPolarized semiconductors$9KW:K 610 $aSemiconductor Nanostructures$9KW:K 610 $aSemiconductor devices$9KW:K 610 $aSemiconductor heterostructures$9KW:K 610 $aSemiconductor physics textbook$9KW:K 620 $aCH$dCham$3VANL001889 700 1$aGrundmann$bMarius$3VANV158422$0735949 712 $aSpringer $3VANV108073$4650 801 $aIT$bSOL$c20240614$gRICA 856 4 $uhttp://doi.org/10.1007/978-3-319-23880-7$zE-book ? Accesso al full-text attraverso riconoscimento IP di Ateneo, proxy e/o Shibboleth 899 $aBIBLIOTECA DEL DIPARTIMENTO DI MATEMATICA E FISICA$1IT-CE0120$2VAN08 912 $fN 912 $aVAN0175669 950 $aBIBLIOTECA DEL DIPARTIMENTO DI MATEMATICA E FISICA$d08CONS e-book 2896 $e08eMF2896 20210705 996 $aPhysics of Semiconductors : an Introduction Including Nanophysics and Applications$91818781 997 $aUNICAMPANIA